000 00453cam a22001814a 4500
005 20250605164114.0
008 250528s ||||||||||||||||||||||||d
035 _a18025
040 _aGR-AtMCL
_bgre
_dGR-AtMCL
_eAACR2
245 1 _aΗ ΑΞΙΑ ΤΗΣ ΕΛΕΥΘΕΡΗΣ ΣΚΕΨΗΣ
250 _a1
260 _bΑρσενιδης,
_c1963
300 _a112
700 1 _aRussell Bertrand
_94331
942 _cBK
999 _c3417
_d3417